书目信息 |
| 题名: |
大学英语考试四六级
|
|
| 作者: | 金莉 主编 | |
| 分册: | 写作分册 | |
| 出版信息: | 北京 [等] 世界图书出版公司 2005.03 |
|
| 页数: | 205页 | |
| 开本: | 20cm | |
| 丛书名: | 新东方大愚英语学习丛书 | |
| 单 册: | ||
| 中图分类: | H139.6 | |
| 科图分类: | ||
| 主题词: | 英语--写作--高等学校--水平考试--解题 | |
| 电子资源: | ||
| ISBN: | 7-5062-7400-0 | |
| 000 | 00947nam 2200253 450 | |
| 001 | 192004003293 | |
| 005 | 20070905144859.28 | |
| 010 | @a7-5062-7400-0@dCNY10.00 | |
| 100 | @a20070602d2005 ekmy0chiy0121 ea | |
| 101 | 0 | @achi@aeng |
| 102 | @aCN@b110000 | |
| 105 | @aak z 000yy | |
| 200 | 1 | @a大学英语考试四六级@Ada xue ying yu kao shi si liu ji@i写作分册@f金莉主编 |
| 210 | @a北京 [等]@c世界图书出版公司@d2005.03 | |
| 215 | @a205页@c图@d20cm | |
| 225 | 2 | @a新东方大愚英语学习丛书@Axin dong fang da yu ying yu xue xi cong shu@i360°真题技巧全突破系列 |
| 330 | @a本书主要具有以下特点:一、高屋建瓴,紧抓命题脉络;二、循序渐进,培养写作功能;三、分类讲解,直击考点;四、采掘精华,精益求精等。 | |
| 410 | 0 | @12001 @a新东方大愚英语学习丛书 |
| 410 | 0 | @12001 @a360真题技巧全突破系列 |
| 606 | 0 | @a英语@x写作@x高等学校@x水平考试@j解题 |
| 690 | @aH139.6@v4 | |
| 701 | 0 | @a金莉@Ajin li@4主编 |
| 801 | 0 | @aCN@c20070905 |
| 905 | @dH139.6@eJ783 | |
| 大学英语考试四六级.写作分册/金莉主编.-北京 [等]:世界图书出版公司,2005.03 |
| 205页:图;20cm.-(新东方大愚英语学习丛书.360°真题技巧全突破系列) |
| ISBN 7-5062-7400-0:CNY10.00 |
| 本书主要具有以下特点:一、高屋建瓴,紧抓命题脉络;二、循序渐进,培养写作功能;三、分类讲解,直击考点;四、采掘精华,精益求精等。 |
| ● |
| 相关链接 |
|
|
|
正题名:大学英语考试四六级
索取号:H139.6/J783
 
预约/预借
| 序号 | 登录号 | 条形码 | 馆藏地/架位号 | 状态 | 备注 |
| 1 | 617007 | 206170070 | 语言库209/209语言库 73排2列4层/ [索取号:H139.6/J783] | 在馆 | |
| 2 | 617008 | 206170089 | 语言库209/209语言库 73排2列4层/ [索取号:H139.6/J783] | 在馆 | |
| 3 | 617009 | 206170098 | 语言库209/209语言库 73排2列4层/ [索取号:H139.6/J783] | 在馆 |